Gestion del patrimonio cultural y cooperacion internacional (Registro nro. 32540)

Detalles MARC
000 -LEADER
fixed length control field 01314nmm a2200349 a 4500
001 - CONTROL NUMBER
control field 0000024032
003 - CONTROL NUMBER IDENTIFIER
control field CO-CtgCURN
005 - DATE AND TIME OF LATEST TRANSACTION
control field 20250429225606.0
007 - PHYSICAL DESCRIPTION FIXED FIELD--GENERAL INFORMATION
fixed length control field co cga---uuuuu
007 - PHYSICAL DESCRIPTION FIXED FIELD--GENERAL INFORMATION
fixed length control field ta
008 - FIXED-LENGTH DATA ELEMENTS--GENERAL INFORMATION
fixed length control field 160627s2011 i eng d
020 ## - INTERNATIONAL STANDARD BOOK NUMBER
International Standard Book Number 9789588590202
040 ## - CATALOGING SOURCE
Original cataloging agency CO-CtgCURN
Language of cataloging spa
Transcribing agency coctgcurn
082 0# - DEWEY DECIMAL CLASSIFICATION NUMBER
Classification number 363.69
Item number M754
100 1# - MAIN ENTRY--PERSONAL NAME
Personal name Monsalve Morales, Lorena L.
245 10 - TITLE STATEMENT
Title Gestion del patrimonio cultural y cooperacion internacional
Medium [electronic resource] /
Statement of responsibility, etc. Lorena L. Monsalve Morales.
260 ## - PUBLICATION, DISTRIBUTION, ETC.
Place of publication, distribution, etc. Medellin :
Name of publisher, distributor, etc. Universidad de San Buenaventura,
Date of publication, distribution, etc. 2011.
300 ## - PHYSICAL DESCRIPTION
Extent 110 p. + 1 Cd-Rom.
336 ## - CONTENT TYPE
Source rdacontent
337 ## - MEDIA TYPE
Source rdamedia
Media type term sin mediacion
Media type code n
338 ## - CARRIER TYPE
Source rdacarrier
Carrier type term volumen
Carrier type code nc
490 1# - SERIES STATEMENT
Series statement Cuadernos de cooperacion para el desarrollo ;
Volume/sequential designation no. 6
500 ## - GENERAL NOTE
General note Incluye anexos.
504 ## - BIBLIOGRAPHY, ETC. NOTE
Bibliography, etc. note Incluye bibliografia p. (95-105)
505 8# - FORMATTED CONTENTS NOTE
Formatted contents note Nociones conceptuales sobre patrimonio cultural y cooperacion internacional -- La gestion del patrimonio cultural -- Experiencias de gestion del patrimonio cultural
650 14 - SUBJECT ADDED ENTRY--TOPICAL TERM
Topical term or geographic name entry element Patrimonio cultural.
650 14 - SUBJECT ADDED ENTRY--TOPICAL TERM
Topical term or geographic name entry element Cooperacion internacional.
650 14 - SUBJECT ADDED ENTRY--TOPICAL TERM
Topical term or geographic name entry element Organismos internacionales.
908 ## - PUT COMMAND PARAMETER (RLIN)
Put command parameter 160627
942 ## - ADDED ENTRY ELEMENTS (KOHA)
Koha item type Libros
Classification part 363.69
Item part M754
Source of classification or shelving scheme Dewey Decimal Classification
Existencias
Withdrawn status Lost status Source of classification or shelving scheme Damaged status Not for loan Collection Home library Current library Shelving location Date acquired Inventory number Total checkouts Full call number Barcode Date last seen Price effective from Koha item type Public note
    Dewey Decimal Classification     General Miguel Henríquez Castañeda Miguel Henríquez Castañeda General 04/29/2025 003082   363.69 M754 003082 04/29/2025 04/29/2025 Libros 360-SER.SO